Locating and estimating air emissions from sources of benzene.

Bibliographic Details
Corporate Author: United States. Environmental Protection Agency. Office of Air Quality Planning and Standards
Format: Government Document Microform Book
Language:English
Published: Research Triangle Park, NC : U.S. Environmental Protection Agency, Office of Air Quality Planning and Standards, [1998]
Subjects:
Online Access:Adobe Acrobat Reader required to view full document

MARC

Tag First Indicator Second Indicator Subfields
LEADER 00000cam a2200000 a 4500
001 in00000001695
007 he bmb024bbca
008 981123s1998 ncua bbst f000 0 eng d
005 20230309222533.7
035 |a (OCoLC)40388497 
035 |9 AJC4870AM 
035 |a in00000001695 
040 |d IUL  |d GPO  |d DLC  |d MvI  |d UtOrBLW 
043 |a n-us--- 
049 |a UDOC 
049 |a WWW 
074 |a 0483-E-01 (MF) 
074 |a 0483-E-01 (online) 
086 0 |a EP 4.2:B 44/2/998 
088 |a EPA-454/R-98-011 
245 0 0 |a Locating and estimating air emissions from sources of benzene. 
264 1 |a Research Triangle Park, NC :  |b U.S. Environmental Protection Agency, Office of Air Quality Planning and Standards,  |c [1998] 
300 |a 1 volume (various pagings) :  |b illustrations ;  |c 28 cm. 
336 |a text  |b txt  |2 rdacontent 
337 |a microform  |b h  |2 rdamedia 
338 |a microfiche  |b he  |2 rdacarrier 
513 |a Final. 
500 |a Cover title. 
500 |a Shipping list number: 99-0003-M. 
500 |a "June 1998." 
504 |a Includes bibliographical references. 
500 |a "EPA-454/R-98-011." 
536 |c 68-D7-0068. 
533 |a Microfiche.  |b [Washington, D.C.] :  |c Supt. of Docs., U.S. G.P.O.,  |d [1998]  |e 9 microfiches : negative.  |7 s1998 dcun b 
530 |a Also available via Internet from the EPA Air Quality Planning and Standards Office web site (PDF files only). 
500 |a Microform. 
650 0 |a Benzene  |x Environmental aspects  |z United States. 
650 0 |a Air quality  |x Standards  |z United States. 
650 0 |a Air  |x Pollution  |z United States  |v Statistics. 
650 2 |a Benzene. 
650 2 |a Environmental Pollutants. 
650 2 |a Air Pollution. 
710 1 |a United States.  |b Environmental Protection Agency.  |b Office of Air Quality Planning and Standards. 
856 4 1 |u https://purl.fdlp.gov/GPO/LPS2367  |z Adobe Acrobat Reader required to view full document  |t 0 
999 |a MARS 
999 f f |i 59c33a4e-2aad-3605-b6c1-c3ed29a7e74d  |s c321951f-dcc4-3478-b530-b5497604efe5  |t 0 
952 f f |p normal  |a Texas A&M University  |b College Station  |c Sterling C. Evans Library  |d Evans: US Documents Microfiche (3rd floor)  |t 0  |e EP 4.2:B 44/2/998  |h Superintendent of Documents classification  |i microform -- microfiche  |m A14838437678 
952 f f |a Texas A&M University  |b College Station  |c Electronic Resources  |d Available Online  |t 0  |e EP 4.2:B 44/2/998  |h Superintendent of Documents classification 
998 f f |a EP 4.2:B 44/2/998  |t 0  |l Evans: US Documents Microfiche (3rd floor) 
998 f f |a EP 4.2:B 44/2/998  |t 0  |l Available Online